|
|
|
|
| LEADER |
00000cam a2200000 a 4500 |
| 001 |
56121 |
| 003 |
CZ-ZlUTB |
| 005 |
20240829143026.0 |
| 007 |
ta |
| 008 |
060214s2006 xr a f 001 0 cze |
| 015 |
|
|
|a cnb001642845
|
| 020 |
|
|
|a 8020013601
|q (brož.)
|
| 035 |
|
|
|a (OCoLC)85718720
|
| 040 |
|
|
|a BOA001
|b cze
|d ABA001
|d ZLD002
|
| 072 |
|
7 |
|a 575
|x Obecná genetika. Obecná cytogenetika. Evoluce
|2 Konspekt
|9 2
|
| 080 |
|
|
|a 575.112
|2 MRF
|
| 080 |
|
|
|a 575.111
|2 MRF
|
| 080 |
|
|
|a 57/59:004.6
|2 MRF
|
| 080 |
|
|
|a 004.62
|2 MRF
|
| 080 |
|
|
|a (048.8)
|2 MRF
|
| 100 |
1 |
|
|a Cvrčková, Fatima,
|d 1966-
|7 xx0017085
|4 aut
|
| 245 |
1 |
0 |
|a Úvod do praktické bioinformatiky /
|c Fatima Cvrčková
|
| 250 |
|
|
|a Vyd. 1.
|
| 260 |
|
|
|a Praha :
|b Academia,
|c 2006
|
| 300 |
|
|
|a 148 s. :
|b il. ;
|c 24 cm
|
| 500 |
|
|
|a Terminologický slovník
|
| 504 |
|
|
|a Obsahuje bibliografii, bibliografické odkazy a rejstřík
|
| 650 |
0 |
7 |
|a bioinformatika
|7 ph194800
|2 czenas
|
| 650 |
0 |
7 |
|a genom
|7 ph136488
|2 czenas
|
| 650 |
0 |
7 |
|a biologická data
|7 ph332176
|2 czenas
|
| 650 |
0 |
7 |
|a zpracování dat
|7 ph127675
|2 czenas
|
| 650 |
0 |
9 |
|a bioinformatics
|2 eczenas
|
| 650 |
0 |
9 |
|a genome
|2 eczenas
|
| 650 |
0 |
9 |
|a biological data
|2 eczenas
|
| 650 |
0 |
9 |
|a data processing
|2 eczenas
|
| 655 |
|
7 |
|a monografie
|7 fd132842
|2 czenas
|
| 655 |
|
9 |
|a monographs
|2 eczenas
|
| 910 |
|
|
|a ZLD002
|
| 952 |
|
|
|0 0
|1 0
|4 0
|6 57CVRČKOVÁF
|7 0
|8 BOOK
|9 102964
|a UTBZL
|b UTBZL
|c 005
|d 2010-05-18
|l 1
|o 57/CVRČKOVÁ,F.
|p 420010132197
|r 2019-08-26 00:00:00
|v 195.00
|w 2019-08-26
|x N: nákup | 20100831
|y 01
|
| 952 |
|
|
|0 0
|1 0
|4 0
|6 57CVRČKOVÁF
|7 0
|8 BOOK
|9 102965
|a UTBZL
|b UTBZL
|c 006
|d 2011-08-16
|l 2
|o 57/CVRČKOVÁ,F.
|p 420010139578
|r 2019-08-26 00:00:00
|v 195.00
|w 2019-08-26
|x N: nákup; | 20100831
|y 04
|
| 992 |
|
|
|a BK
|b SK
|d 3
|
| 901 |
|
|
|b 9788020013606
|f 1. vyd.
|o 20060608
|
| 998 |
|
|
|a 002460592
|
| 999 |
|
|
|c 56121
|d 56121
|